Online
Catalog

Ford county : (Record no. 57241)

MARC details
000 -CABECERA
campo de control de longitud fija 01574nam a2200265 i 4500
003 - IDENTIFICADOR DEL NÚMERO DE CONTROL
campo de control DO-SdBNP
005 - FECHA Y HORA DE LA ÚLTIMA TRANSACCIÓN
campo de control 20240710120057.0
007 - CAMPO FIJO DE DESCRIPCIÓN FÍSICA--INFORMACIÓN GENERAL
campo de control de longitud fija ta
008 - DATOS DE LONGITUD FIJA--INFORMACIÓN GENERAL
campo de control de longitud fija 240710b2010 xxu 00| 0 spa d
020 ## - NÚMERO INTERNACIONAL ESTÁNDAR DEL LIBRO
Número Internacional Estándar del Libro 9780553386813
020 ## - NÚMERO INTERNACIONAL ESTÁNDAR DEL LIBRO
Número Internacional Estándar del Libro 9780307576200 (eBook)
040 ## - FUENTE DE LA CATALOGACIÓN
Centro catalogador/agencia de origen DO-SdBNP
Lengua de catalogación spa
Centro/agencia transcriptor BNPHU
Normas de descripción rda
082 #4 - NÚMERO DE LA CLASIFICACIÓN DECIMAL DEWEY
Número de edición 22
Número de documento/Ítem G869
100 ## - ENTRADA PRINCIPAL--NOMBRE DE PERSONA
Nombre de persona Grisham, John,
Fechas asociadas al nombre 1955-
9 (RLIN) 10906
Término indicativo de función/relación autor
245 10 - MENCIÓN DE TÍTULO
Título Ford county :
Resto del título stories /
Mención de responsabilidad, etc. John Grisham
264 ## - PRODUCCIÓN, PUBLICACIÓN, DISTRIBUCIÓN, FABRICACIÓN Y COPYRIGHT
Producción, publicación, distribución, fabricación y copyright New York, Estados Unidos :
Nombre del de productor, editor, distribuidor, fabricante Bantam books trade paperbacks,
Fecha de producción, publicación, distribución, fabricación o copyright 2010.
300 ## - DESCRIPCIÓN FÍSICA
Extensión 324 páginas :
Dimensiones 21 cm.
336 ## - TIPO DE CONTENIDO
Fuente rdacontent
Término de tipo de contenido texto
Código de tipo de contenido txt
337 ## - TIPO DE MEDIO
Fuente rdamedia
Nombre/término del tipo de medio sin mediación
Código del tipo de medio nc
338 ## - TIPO DE SOPORTE
Fuente rdacarrier
Nombre/término del tipo de soporte volumen
Código del tipo de soporte nc
520 ## - SUMARIO, ETC.
Sumario, etc. Condado de Ford. El corazón del sur profundo de Estados Unidos. Un lugar de dura belleza, de sueños rotos y deseos finales.<br/><br/>Del legendario autor de thrillers legales John Grisham llega una colección única de historias conectadas por la vida y los crímenes del condado de Ford.<br/><br/>Desde un abogado de divorcios oprimido y bebedor que busca dinero, hasta un preso manipulador condenado a muerte con una última súplica, el condado de Ford presenta un vívido elenco de abogados, delincuentes, estafadores y convictos. De sus historias emerge una rica imagen de las vidas vividas y perdidas en Mississippi.<br/><br/>Completamente apasionante, frecuentemente conmovedora y siempre entretenida, Ford County rebosa la misma calidad de pasar página y el mismo drama conmovedor de sus bestsellers anteriores.
590 ## - NOTA LOCAL (RLIN)
Nota local Inventariado, 2024/ YL
910 ## - DATOS DE OPCIÓN DEL USUARIO (OCLC)
Datos de opción del usuario Ylockward
942 ## - ELEMENTOS DE PUNTO DE ACCESO ADICIONAL (KOHA)
Fuente del sistema de clasificación o colocación Dewey Decimal Classification
Tipo de ítem Koha Libro
Holdings
Estado de retiro Estado de pérdida Fuente del sistema de clasificación o colocación Restricciones de uso No para préstamo Código de colección Localización permanente Ubicación/localización actual Ubicación en estantería Fecha de adquisición Fuente de adquisición Total de préstamos Signatura topográfica completa Código de barras Fecha visto por última vez Precio válido a partir de Tipo de ítem Koha
    Dewey Decimal Classification Préstamo en sala   General Biblioteca Nacional Pedro Henríquez Ureña Biblioteca Nacional Pedro Henríquez Ureña En catalogación 17.10.2016 Donación   G869 2024-4317 10.07.2024 10.07.2024 Libro

Powered by Koha